Determinación de estructuras orgánicas

Bibliographic Details
Main Authors: Pasto, Daniel J, Johnson, Carl R
Format: Section = Libro
Language:Undetermined
Spanish
Published: Barcelona Reverté 1981
Subjects:
LEADER 00492nam a2200193Ia 4500
008 240829s9999 xx 000 0 und d
020 |a 84-291-7469-9 
040 |a BIBLIOTECA-RUSB/ 547 P292 
041 |a spa 
082 |a 547 P292 
100 1 |a Pasto, Daniel J  
100 1 |b  Johnson, Carl R 
245 1 0 |a Determinación de estructuras orgánicas 
260 |a Barcelona  |b Reverté  |c 1981 
300 |a 577 p. :il. 
650 7 |a QUIMICA ORGANICA 
942 |c BK  |2 ddc 
991 |a TEXTO 
999 |c 2509